Phát triển chương trình đào tạo theo tiếp cận CDIO nhằm nâng cao chất lượng đào tạo đáp ứng nhu cầu xã hội
সংরক্ষণ করুন:
| প্রধান লেখক: | |
|---|---|
| বিন্যাস: | গ্রন্থ |
| ভাষা: | Undetermined |
| বিষয়গুলি: | |
| অনলাইন ব্যবহার করুন: | http://lrc.tdmu.edu.vn/opac/search/detail.asp?aID=2&ID=26882 |
| ট্যাগগুলো: |
ট্যাগ যুক্ত করুন
কোনো ট্যাগ নেই, প্রথমজন হিসাবে ট্যাগ করুন!
|
| Thư viện lưu trữ: | Trung tâm Học liệu Trường Đại học Thủ Dầu Một |
|---|
| LEADER | 00754nam a2200145Ia 4500 | ||
|---|---|---|---|
| 001 | TDMU_26882 | ||
| 008 | 210410s9999 xx 000 0 und d | ||
| 082 | |a 428 | ||
| 100 | |a Phạm, Hữu Lộc | ||
| 245 | 0 | |a Phát triển chương trình đào tạo theo tiếp cận CDIO nhằm nâng cao chất lượng đào tạo đáp ứng nhu cầu xã hội | |
| 245 | 0 | |c Phạm Hữu Lộc | |
| 300 | |a Tr.28-31 | ||
| 650 | |a Giáo dục đại học |x Giảng dạy |x Tiếp cận CDIO; Giáo dục đại học; Chất lượng đào tạo; Nhu cầu xã hội; CDIO | ||
| 856 | |u http://lrc.tdmu.edu.vn/opac/search/detail.asp?aID=2&ID=26882 | ||
| 980 | |a Trung tâm Học liệu Trường Đại học Thủ Dầu Một | ||